| 000 | 00431nam a2200181Ia 4500 | ||
|---|---|---|---|
| 001 | 1649 | ||
| 005 | 20260306143744.0 | ||
| 008 | 260306t2007||||xx |||||||||||||| ||spa|| | ||
| 041 | _aESP | ||
| 082 |
_a153.9 _bP52 |
||
| 100 |
_aPiaget, Jean _eAUT |
||
| 245 | 0 | _aEl nacimiento de la inteligancia en el niño | |
| 260 | _c2007 | ||
| 300 |
_a544 páginas : _c22 cm. |
||
| 650 | _aGEN | ||
| 654 | _aCPS | ||
| 942 |
_cLIB _dJUS _fJUS _2ddc _n |
||
| 999 |
_c1649 _d1649 |
||